Prénoms les plus populaires au Québec - 2024 - Statistiques

Statistiques générales
  • Ce quiz a été pris 79 fois
  • Le résultat moyen est 28 sur 100
Statistiques - réponses
Réponse % Correct
Léa
60%
Louis
60%
Éli
58%
Emma
55%
Léo
55%
Alexis
50%
Rose
50%
Thomas
50%
William
48%
Antoine
45%
Gabriel
45%
Raphaël
45%
Alice
43%
Chloé
43%
Félix
43%
Liam
43%
Olivia
43%
Charles
40%
Lucas
40%
Mia
40%
Olivier
40%
Rosalie
40%
Victor
40%
Arthur
38%
Charlie
38%
Charlotte
38%
Juliette
38%
Théo
38%
Eva
35%
Lily
35%
Mila
35%
Aurélie
33%
Ellie
33%
Florence
33%
Jade
33%
Jules
33%
Léon
33%
Nathan
33%
Noah
33%
Romy
33%
Samuel
33%
Julia
30%
Laurent
30%
Livia
30%
Victoria
30%
Zoé
30%
Benjamin
28%
Camille
28%
Émile
28%
Henri
28%
Jeanne
28%
Elliot
25%
Ethan
25%
Jacob
25%
Léonie
25%
Sophie
25%
Béatrice
23%
Édouard
23%
Éloi
23%
Lena
23%
Logan
23%
Raphaëlle
23%
Sophia
23%
Axel
20%
Clémence
20%
Mathéo
20%
Nolan
20%
Ophélie
20%
Adam
18%
Adèle
18%
Arnaud
18%
Éléonore
18%
James
18%
Margot
18%
Mattéo
18%
Sofia
18%
Zack
18%
Clara
15%
Elena
15%
Evelyne
15%
Flavie
15%
Maeva
15%
Milan
15%
Robin
15%
Théodore
15%
Amélia
13%
Elizabeth
13%
Jackson
13%
Marguerite
13%
Éloïse
10%
Estelle
10%
Flora
10%
Hubert
10%
Jasmine
10%
Jayden
10%
Léonard
10%
Billie
8%
Caleb
8%
Jake
8%
Maverick
3%
Aucun quiz correspondant
Distribution des résultats
% des personnes avec chaque résultat
Percentile par nombre de réponses
Votre historique - résultats
Vous n’avez pas pris ce quiz